logo

Bir Sreshtho Munshi Abdur Rouf Library
Jhenaidah Cadet College

জাভা ওয়েব প্রোগ্রামিং / (Record no. 12209)

MARC details
000 -LEADER
fixed length control field 00825nam a2200229 a 4500
001 - CONTROL NUMBER
JCCL Control Number 12209
003 - CONTROL NUMBER IDENTIFIER
JCCL marc code BD-JhCC
005 - DATE AND TIME OF LATEST TRANSACTION
control field 20210323132402.0
008 - FIXED-LENGTH DATA ELEMENTS--GENERAL INFORMATION
fixed length control field 190630s2020 bg a|||| |||| 000 0 mul d
020 ## - INTERNATIONAL STANDARD BOOK NUMBER
International Standard Book Number 9789848042120
035 ## - SYSTEM CONTROL NUMBER
system control number (BD-JhCC)12209
040 ## - CATALOGING SOURCE
Original cataloging agency BD-JhCC
Modifying agency BD-JhCC
041 ## - LANGUAGE CODE
Language code of Book mul
082 ## - DEWEY DECIMAL CLASSIFICATION NUMBER
Classification number 005.133
Author mark and Year RAH 2020
100 ## - MAIN ENTRY--PERSONAL NAME
Personal name রহমান, আ ন ম বজলুর
245 ## - TITLE STATEMENT
Title জাভা ওয়েব প্রোগ্রামিং /
Statement of responsibility, etc আ ন ম বজলুর রহমান ।
260 ## - PUBLICATION, DISTRIBUTION, ETC. (IMPRINT)
Place of publication, distribution, etc ঢাকা :
Name of publisher, distributor, etc দ্বিমিক প্রকাশনী,
Date of publication, distribution, etc ২০২০.
300 ## - PHYSICAL DESCRIPTION
Pagination ৩৪৪ পৃ. :
Other physical details চিত্রবলী সংযোজিত,
Dimensions ২৩ সেমি.
650 ## - SUBJECT ADDED ENTRY--TOPICAL TERM
Topical term or geographic name as entry element Java (Computer program language)
942 ## - ADDED ENTRY ELEMENTS (KOHA)
Source of classification or shelving scheme Dewey Decimal Classification
Koha item type Books
Koha issues (borrowed), all copies 2
Holdings
Source of classification or shelving scheme Damaged status Not for loan Home library Current library Shelving location Date of accession Source of acquisition Cost, normal purchase price Total Checkouts Full call number Barcode Date last seen Copy number Koha item type
Dewey Decimal Classification     JCC Rouf Library JCC Rouf Library General Stacks 03/23/2021 Lt. Gen. Mahfuzur Rahman (10th intake) 360.00   005.133 RAH 2020 16280 03/23/2021 C-1 Books

JCC Library | Contacts | JCC Home

Last Update on 23 September 2017
Copyright @ 2017-2020 JCC Rouf Library
Rouf Library, Jhenidah Cadet College (JCC), Bangladesh